[Event "Paracin Winter op"]
[Site "Paracin"]
[Date "2018.02.04"]
[Round "8"]
[White "Marjanovic, Milija"]
[Black "Delic, Miladin"]
[Result "1/2-1/2"]
[WhiteElo "1571"]
[BlackElo "1741"]
[PlyCount "75"]
[EventDate "2018.01.30"]
[EventType "swiss"]
[EventRounds "9"]
[EventCountry "SRB"]
[SourceTitle "CBM 182 Extra"]
[Source "ChessBase"]
[SourceDate "2018.02.23"]
[SourceVersion "1"]
[SourceVersionDate "2018.02.23"]
[SourceQuality "1"]

1. e4 e5 2. c3 Nf6 3. d3 Be7 4. Nf3 Nc6 5. Be3 0-0 6. Nbd2 d5 7. exd5 Nxd5 8. Be2 Bg4 9. 0-0 Bxf3 10. Bxf3 Nxe3 11. fxe3 Qxd3 12. Re1 Rad8 13. Nf1 e4 14. Be2 Qd6 15. Qb3 b6 16. Ng3 Bh4 17. Red1 Qe5 18. Nf1 Kh8 19. Qc4 Qe6 20. Qb5 f5 21. g3 Bg5 22. Bc4 Qh6 23. Re1 Qf6 24. Be2 Ne5 25. Kg2 Ng4 26. Bd1 Rd3 27. Bc2 Nxe3+ 28. Nxe3 Rxe3 29. Rf1 f4 30. Rf2 f3+ 31. Kh1 h5 32. h4 Bxh4 33. Qxh5+ Qh6 34. Qxh6+ gxh6 35. gxh4 Rf4 36. Rh2 Re2 37. Rf1 Rxh2+ 38. Kxh2 1/2-1/2

[Event "Paracin Winter op"]
[Site "Paracin"]
[Date "2018.02.03"]
[Round "7"]
[White "Ilic, Milosav"]
[Black "Marjanovic, Milija"]
[Result "1/2-1/2"]
[WhiteElo "1536"]
[BlackElo "1571"]
[PlyCount "71"]
[EventDate "2018.01.30"]
[EventType "swiss"]
[EventRounds "9"]
[EventCountry "SRB"]
[SourceTitle "CBM 182 Extra"]
[Source "ChessBase"]
[SourceDate "2018.02.23"]
[SourceVersion "1"]
[SourceVersionDate "2018.02.23"]
[SourceQuality "1"]

1. d4 g6 2. e3 Bg7 3. f4 Nf6 4. c4 d6 5. a4 0-0 6. Bd3 c6 7. a5 b6 8. axb6 Qxb6 9. Nd2 Nbd7 10. Ngf3 Ng4 11. Nb3 Rb8 12. Ra3 e5 13. 0-0 Re8 14. Be2 exf4 15. exf4 Ne3 16. Bxe3 Rxe3 17. Re1 Nf6 18. Bf1 Rxe1 19. Qxe1 Bg4 20. Be2 Bxf3 21. Bxf3 h5 22. Qa5 Qxa5 23. Nxa5 c5 24. dxc5 dxc5 25. Nb3 Nd7 26. Bc6 Nb6 27. Rxa7 Nxc4 28. Rb7 Rxb7 29. Bxb7 Bxb2 30. g3 Bd4+ 31. Nxd4 cxd4 32. Kf2 d3 33. Ke1 d2+ 34. Ke2 Kg7 35. Ba6 Nd6 36. Kxd2 1/2-1/2